Pohľad z vtáčej perspektívy

Bibliographic Details
Main Author: Hoholíková, Tatiana, 1953- (Author)
Format: Article
Language:Slovak
PhysicalDescription:Fotogr.
ISSN:1335-6828
Subjects:

MARC

LEADER 00000nab a2200000 ar4500
001 vtls009459408
003 SK-MaSNL
005 20260303230703.0
008 180907c2008 xo br|p|r|||||000 b|slo
015 |a SNBRB2009/01 
038 |a PPPKCL 
040 |a PPPKCL  |b slo  |c PPPK  |e AACR2 
041 0 |a slo 
044 |a xo  |c SK 
080 |a 797.561  |2 2001 
080 |a 797.561.2  |x (234.372.4)  |2 2001 
080 |a 797.561-051  |2 2001 
100 1 |a Hoholíková, Tatiana,  |d 1953-  |4 aut  |9 107834 
245 1 0 |a Pohľad z vtáčej perspektívy  |c Táňa Hoholíková ; snímky Adrenalinsport 
300 |b Fotogr. 
610 2 7 |a Adrenalinsport (Prostějov, Česko)  |2 pppkcl  |9 1264812 
650 0 7 |a športový parašutizmus  |2 pppkcl  |9 3224 
650 0 7 |a športoví parašutisti  |2 pppkcl  |9 3223 
650 0 7 |a Zoskoky padákom  |2 pppkcl  |9 83754 
651 7 |a Vysoké Tatry (Poľsko a Slovensko : pohorie)  |2 SNKPHgeo  |9 67729 
773 0 |t Tatry : dvojmesačník Štátnych lesov Tatranského národného parku v Tatranskej Lomnici  |g Roč.XXXXVI, č. 3 (2008), s. 22  |x 1335-6828 
852 |a PPPK  |b KIS3GCP 
999 |c 2263521  |d 2265451